|
|
|
|
| LEADER |
02313nem a22004692a 4500 |
| 001 |
mzk03001076406 |
| 003 |
CZ BrMZK |
| 005 |
20130117115652.0 |
| 007 |
aj|c|||| |
| 008 |
091112s1813 au |||||||a|||r|0|||gerod |
| 034 |
1 |
|
|a a
|b 55000
|d E0073949
|e E0080518
|f N0481404
|g N0480053
|
| 040 |
|
|
|a BOA001
|b cze
|
| 043 |
|
|
|a e-gx---
|
| 072 |
|
7 |
|a 355/359
|x Vojenství. Obrana země. Ozbrojené síly
|2 Konspekt
|9 15
|
| 072 |
|
7 |
|a 912:904
|x Staré mapy
|2 Konspekt
|9 7
|
| 080 |
|
|
|a (084.3)
|2 MRF
|
| 080 |
|
|
|a (430.127)
|2 MRF
|
| 080 |
|
|
|a 355.483
|2 MRF
|
| 100 |
1 |
|
|a Höhm
|4 aut
|
| 245 |
1 |
0 |
|a Schlacht bey Emmendingen Am Neunzehnten October MDCCXCVI
|h [kartografický dokument] /
|c Oblieut. Höhm Script. ; Ponheimer sc.
|
| 255 |
|
|
|a Měřítko [ca 1:55 000]. 13 cm = Maasstab einer deutschen Meile
|c (007°39´49" v.d.--008°05´18" v.d./048°14´04" s.š.--048°00´53" s.š.)
|
| 260 |
|
|
|a [Wien :
|b Gedruckt bei J. V. Degen,
|c 1813]
|
| 300 |
|
|
|a 1 mapa :
|b mědirytina, ručně kolorovaná, podlepená plátnem ;
|c 39 x 54,5 cm na listu 45,5 x 60,5 cm, složeno na 23 x 30 cm
|
| 500 |
|
|
|a Mapa součástí souboru 12 map zachycujících vojenské strategie rakouského arcivévody Karla
|
| 500 |
|
|
|a Na zadní straně štítek s rámcem z typografických ozdob a názvem: VII. Schlacht bei Emmendingen
|
| 500 |
|
|
|a Výzdoba: V levém dolním rohu měřítko, v pravém horním rohu název
|
| 500 |
|
|
|a Zobrazení postavení vojsk
|
| 510 |
3 |
|
|a IKAR
|
| 563 |
|
|
|a Vloženo do polokožených kartonových desek s tkanicemi, na přední straně nápis Strategie - Feldzug von 1796
|
| 655 |
|
7 |
|a historické mapy
|7 fd186723
|2 czenas
|
| 650 |
0 |
7 |
|a bojiště
|7 ph210498
|2 czenas
|
| 651 |
|
7 |
|a Bádensko-Württembersko (Německo)
|7 ge128877
|2 czenas
|
| 700 |
1 |
|
|a Ponheimer, Kilian,
|d 1788-1829
|7 mzk2009511578
|4 egr
|
| 700 |
0 |
|
|a Karel,
|c rakouský arcivévoda,
|d 1771-1847
|7 xx0008725
|4 aut
|
| 787 |
0 |
8 |
|i Samostatná mapa publikovaná v díle:
|t Grundsätze der Strategie erläutert durch die Darstellung des Feldzuges von 1796 in Deutschland.
|g Plan VII
|
| 856 |
4 |
1 |
|u http://mapy.mzk.cz/mzk03/001/076/406/2610400326
|y Digitalizovaný dokument
|
| 910 |
|
|
|a BOA001
|b STMpa-1211.447,8
|
| 978 |
|
|
|b Degen, Johann Vinzenz
|a Wien
|c 1813
|
| 984 |
|
|
|a Vídeň
|b Rakousko
|
| 985 |
|
|
|a 1801-1850
|
| 990 |
|
|
|a MP
|
| 991 |
|
|
|k mzk
|